Tuệ Trung Thượng Sĩ với Thiền tông Việt Nam
Gardado en:
| Autor Principal: | |
|---|---|
| Formato: | Libro |
| Idioma: | Undetermined |
| Publicado: |
Đà Nẵng
Nxb. Đà Nẵng
2000
|
| Những chủ đề: | |
| Các nhãn: |
Engadir etiqueta
Sen Etiquetas, Sexa o primeiro en etiquetar este rexistro!
|
| Thư viện lưu trữ: | Trung tâm Học liệu Trường Đại học Cần Thơ |
|---|
| LEADER | 00544nam a2200169Ia 4500 | ||
|---|---|---|---|
| 001 | CTU_36306 | ||
| 008 | 210402s9999 xx 000 0 und d | ||
| 082 | |a 294.3 | ||
| 082 | |b T507 | ||
| 100 | |a Viện khoa học xã hội | ||
| 245 | 0 | |a Tuệ Trung Thượng Sĩ với Thiền tông Việt Nam | |
| 245 | 0 | |c Viện khoa học xã hội | |
| 260 | |a Đà Nẵng | ||
| 260 | |b Nxb. Đà Nẵng | ||
| 260 | |c 2000 | ||
| 650 | |a buddhism - vietnam - history | ||
| 980 | |a Trung tâm Học liệu Trường Đại học Cần Thơ | ||